Länder Afrikas Quiz - Blindes tippen - Statistiken

Allgemein
  • Dieses Quiz wurde 95 mal gespielt
  • Das Durchschnittsergebnis liegt bei 44 aus 54
Antwortstatistiken
Land % Korrekt
dz Algerien
91%
eg Ägypten
89%
tz Tansania
88%
tn Tunesien
88%
gn Guinea
87%
ke Kenia
87%
cd Kongo (Dem. Rep.)
87%
cg Kongo (Rep.)
87%
ly Libyen
87%
za Südafrika
87%
ma Marokko
86%
mr Mauretanien
86%
ne Niger
86%
sd Sudan
86%
ss Südsudan
86%
ci Elfenbeinküste
85%
sz Eswatini
85%
ls Lesotho
85%
ml Mali
85%
so Somalia
85%
er Eritrea
84%
ga Gabun
84%
gh Ghana
84%
gw Guinea-Bissau
84%
ng Nigeria
84%
sn Senegal
84%
bj Benin
82%
bw Botswana
82%
bf Burkina Faso
82%
na Namibia
82%
rw Ruanda
82%
tg Togo
82%
td Tschad
82%
ao Angola
81%
et Äthiopien
81%
mg Madagaskar
81%
ug Uganda
81%
gq Äquatorial- Guinea
80%
dj Dschibuti
80%
gm Gambia
80%
mz Mosambik
80%
zm Sambia
80%
sc Seychellen
80%
bi Burundi
79%
cm Kamerun
79%
cf Zentralafrikanische Republik
78%
cv Kap Verde
76%
mu Mauritius
76%
zw Simbabwe
75%
km Komoren
74%
lr Liberia
74%
st São Tomé und Príncipe
74%
sl Sierra Leone
73%
mw Malawi
72%
Keine übereinstimmenden Quizze gefunden
Verteilung der Resultate
Anzahl Personen mit jedem Resultat
Perzentil nach korrekt beantworteten Fragen
Ihre Resultats-Entwicklung
Sie haben dieses Quiz noch nicht gespielt